000
00284nam a22001337a 4500
003
SGT
082
_a
370
_b
M14G
100
_a
GUPTA, RAHUL
245
_a
MAHAN SHIKSHA SHASTRI
260
_a
NEW DELHI
_b
PRERNA PRAKASHAN
_c
2014
300
_a
272
650
_a
EDUCATION
942
_2
ddc
_c
BK
999
_c
12623
_d
12623